| 000 | 01025nam a2200301 i 4500 | ||
|---|---|---|---|
| 003 | EG-GICUC | ||
| 005 | 20260419121721.0 | ||
| 008 | 260419s1980 sp ||||fr|||| 00| 0 spa d | ||
| 040 |
_aEG-GiCUC _bspa _cEG-GiCUC _dEG-GiCUC _eRda |
||
| 041 | _aspa | ||
| 082 | 0 | 4 |
_221 _a341.48 _bCO . P |
| 092 | 0 | 4 | _221 |
| 099 | _aLaw1 11 341.48 CO . P 1980 | ||
| 110 |
_aComité Internacional de la Cruz Roja _eAuthor. |
||
| 245 |
_aPrimer Seminario Interamericano sobre la Difusión del Derecho Internacional Humanitario/ _cPierre Strohl. |
||
| 264 | 1 |
_aColombia : _c1980 . |
|
| 300 |
_aVarias páginas ; _c24 cm. |
||
| 336 |
_2rda contenu _a texte |
||
| 337 |
_2rda medias _aOrdinateur |
||
| 338 |
_2 transporteur rda _a Ressource en ligne |
||
| 546 | _aText in Spanish | ||
| 650 | _aDerecho Internacional Público | ||
| 650 | _aderechos Humanos | ||
| 700 | 1 |
_aSociedad Nacional de la Cruz Roja Colombiana _eAuthor. |
|
| 856 | 4 | 0 | _uhttps://fll.law.cu.edu.eg/fulltext/bks/B11-09774.pdf |
| 905 | _a59 | ||
| 942 |
_2ddc _n0 _cBK _e21 |
||
| 999 |
_c71893 _d71893 |
||